Extraterrestrials (Record no. 12158)

MARC details
000 -LEADER
fixed length control field 00694nam a2200217Ia 4500
003 - CONTROL NUMBER IDENTIFIER
control field IN-BaIIA
008 - FIXED-LENGTH DATA ELEMENTS--GENERAL INFORMATION
fixed length control field 211028s9999 xx 000 0 eng d
020 ## - INTERNATIONAL STANDARD BOOK NUMBER
International Standard Book Number 0-521-44335-0
040 ## - CATALOGING SOURCE
Transcribing agency IIA Library
080 ## - UNIVERSAL DECIMAL CLASSIFICATION NUMBER
Universal Decimal Classification number 52-37
Item number EXT
245 #0 - TITLE STATEMENT
Title Extraterrestrials
Remainder of title where are they ?
Statement of responsibility, etc. edited by Ben Zukerman and Micheal H. Hart
250 ## - EDITION STATEMENT
Edition statement 2nd ed.
260 ## - PUBLICATION, DISTRIBUTION, ETC.
Place of publication, distribution, etc. Cambridge
Name of publisher, distributor, etc. Cambridge University Press
Date of publication, distribution, etc. 1995
300 ## - PHYSICAL DESCRIPTION
Extent xii, 239p.
650 ## - SUBJECT ADDED ENTRY--TOPICAL TERM
Topical term or geographic name entry element Extraterrestrial life
9 (RLIN) 4250
650 ## - SUBJECT ADDED ENTRY--TOPICAL TERM
Topical term or geographic name entry element Galaxy.
9 (RLIN) 3368
650 ## - SUBJECT ADDED ENTRY--TOPICAL TERM
Topical term or geographic name entry element interstellar communication
9 (RLIN) 7541
700 ## - ADDED ENTRY--PERSONAL NAME
Personal name Hart, Micheal H., ed.
9 (RLIN) 21208
700 ## - ADDED ENTRY--PERSONAL NAME
Personal name Zukerman, Ben, ed.
9 (RLIN) 21209
942 ## - ADDED ENTRY ELEMENTS (KOHA)
Koha item type Books
Holdings
Withdrawn status Lost status Damaged status Not for loan Home library Current library Shelving location Date acquired Cost, normal purchase price Total Checkouts Full call number Barcode Date last seen Cost, replacement price Price effective from Koha item type Purchase Price
        IIA Library-Bangalore IIA Library-Bangalore General Stacks 31/07/1997 1827.00   52-37/ EXT 13074 05/11/2021 1827.00 31/07/1997 Books Rs. 1827.00

Powered by Koha